01124nam a2200337Ia 450000500170000000800370001702000180005402000150007204100080008710000310009524500810012625000190020730000250022649000300025150000520028153400230033365000360035665000400039265000350043265000350046765000360050270000490053894200150058726400340060233600270063633700330066333800280069604000350072408400120075999900150077120220317001849.0170410s2009 s g 000 f s a9788495776037 a8495776037 aspa1 aCollins, Wilkied1824-188913aLa dama de blancocWilkie Collins ; traducción de Maruja Gómez Segalés a19a. edición a542 páginasc24 cm aBiblioteca Wilkie Collins aIncluye datos biográficos del autor en solapa tThe woman in white142LEMBaNovela inglesaySiglo XIX142LEMBaLiteratura inglesaySiglo XIX142LEMBaIntriga en la literatura142LEMBaMujeres en la literatura142LEMBaSuspenso en la literatura1 aGómez Segalés, Marujaetraductora978099 2loccBKLIT a[Barcelona]bMontesinosc2009 atextobtxt2rdacontent asin mediaciónbn2rdamedia avolumenbnc2rdacarrier aCO-BoRNBPbspaerdacCO-BoRNBP aN COL13 c8346d8346